000 00285nam a22001097a 4500
008 160613b xxu||||| |||| 00| 0 eng d
020 _a0024052809
041 _aeng
080 _a618.2
245 _aProgrammed mathematics for nurses:
_cGeorge I. Sackheim; Lewis Robins;
942 _2udc
_cBK
999 _c2478
_d2478